Asp. net by example
Spremljeno u:
| Glavni autor: | |
|---|---|
| Format: | Knjiga |
| Jezik: | Undetermined |
| Izdano: |
Indiana
Que
2002
|
| Oznake: |
Dodaj oznaku
Bez oznaka, Budi prvi tko označuje ovaj zapis!
|
| Thư viện lưu trữ: | Trung tâm Học liệu Trường Đại học Cần Thơ |
|---|
| LEADER | 00385nam a2200157Ia 4500 | ||
|---|---|---|---|
| 001 | CTU_65917 | ||
| 008 | 210402s9999 xx 000 0 und d | ||
| 020 | |b 480000 | ||
| 082 | |a 005.276 | ||
| 082 | |b S642 | ||
| 100 | |a Steven A. Smith | ||
| 245 | 0 | |a Asp. net by example | |
| 260 | |a Indiana | ||
| 260 | |b Que | ||
| 260 | |c 2002 | ||
| 980 | |a Trung tâm Học liệu Trường Đại học Cần Thơ | ||